|
|
|
|
| LEADER |
01491nam a22002657a 4500 |
| 001 |
38494 |
| 003 |
BD-DhAAL |
| 008 |
220522t2007 bg ||||| b||| 00| 0 ben d |
| 999 |
|
|
|c 44205
|d 44205
|
| 020 |
|
|
|a 9843000007027
|
| 040 |
|
|
|a BD-DhAAL
|c BD-DhAAL
|
| 041 |
|
|
|a ben
|
| 082 |
|
|
|a 307.1412095492
|
| 100 |
|
|
|a বায়েস, আবদুল
|9 48538
|
| 245 |
|
|
|a গ্রামের মানুষ, গ্রামের অর্থনীতি :
|b জীবন জীবিকার পরিবর্তন পর্যালোচনা /
|c আবদুল বায়েস ; মাহবুব হোসেন
|
| 246 |
|
|
|a Gramer manush grameen aurthonity :
|b jibon jibikar poribortan porjalochana
|
| 260 |
|
|
|a ঢাকা :
|b রাইটার্স ফাউন্ডেশন বাংলাদেশ ও স্বরাজ প্রকাশনী,
|c ২০০৭.
|
| 300 |
|
|
|a ৫১২ পৃষ্ঠা ;
|c ২২ সে.মি.
|
| 504 |
|
|
|a গ্রন্থপঞ্জিগত নির্দেশিকা অন্তর্ভুক্ত।
|
| 541 |
|
|
|a Donated By Akbar Ali Khan
|e 38494
|
| 650 |
|
|
|a Rural development
|z Bangladesh.
|9 48539
|
| 700 |
|
|
|a হোসেন, মাহবুব
|9 48540
|
| 852 |
|
|
|a Ayesha Abed Library
|c Akbar Ali Khan Collection
|
| 942 |
|
|
|2 ddc
|c BK
|
| 952 |
|
|
|0 0
|1 0
|2 ddc
|4 0
|6 307_141209549200000_BAY
|7 1
|9 70666
|a BRACUL
|b BRACUL
|c AAKC
|d 2022-05-22
|e Donated by Akbar Ali Khan
|l 0
|o 307.1412095492 BAY
|p 3010038494
|r 2022-05-22
|t 1
|w 2022-05-22
|y BK
|